L'assimilation de la main-d'oeuvre étrangère
Gardado en:
| Autor Corporativo: | |
|---|---|
| Formato: | Libro |
| Idioma: | Undetermined |
| Publicado: |
Genève
Jeune Chambre économique suisse
1965
|
| Những chủ đề: | |
| Các nhãn: |
Engadir etiqueta
Sen Etiquetas, Sexa o primeiro en etiquetar este rexistro!
|
| Thư viện lưu trữ: | Trung tâm Học liệu Trường Đại học Cần Thơ |
|---|
| LEADER | 00535nam a2200181Ia 4500 | ||
|---|---|---|---|
| 001 | CTU_85088 | ||
| 008 | 210402s9999 xx 000 0 und d | ||
| 082 | |a 331.494 | ||
| 082 | |b J55 | ||
| 110 | |a Jeune Chambre économique suisse. | ||
| 245 | 0 | |a L'assimilation de la main-d'oeuvre étrangère | |
| 260 | |a Genève | ||
| 260 | |b Jeune Chambre économique suisse | ||
| 260 | |c 1965 | ||
| 650 | |a Assimilation,Foreign workers | ||
| 650 | |z Switzerland | ||
| 904 | |i Năm | ||
| 980 | |a Trung tâm Học liệu Trường Đại học Cần Thơ | ||